Statistics for Once Upon A Time Characters - Fairy tail vs Reality

Click here to take the quiz!

General Stats

  • This quiz has been taken 810 times
    (806 since last reset)
  • The average score is 9 of 15

Answer Stats

% Correct
Mary MargretSnow White
100%
Mr. GoldRumple
80%
Killian JonesCaptain Hook
79%
RubyRed
77%
LeroyGrumpy
72%
David NolanCharming
70%
Neal CassidyBaelfire
67%
Mother SuperiorBlue Fairy
66%
ZelenaWicked Witch
64%
Archie HopperJiminy Cricket
52%
Dr. WhaleFrankenstein
52%
Kathryn NolanAbigail
48%
Sidney GlassMirror
44%
Regina MillsEvil Queen
42%
Emma SwanSaviour
20%

Score Distribution

Percentile by Number Answered

Percent of People with Each Score

Your Score History

You have not taken this quiz since the last reset